| 000 | 01965nam a2200337 a 4500 | ||
|---|---|---|---|
| 001 | BRCA_2469 | ||
| 005 | 20190320203826.0 | ||
| 008 | 191108s1832----sp-a---###---#000-0#spa-u | ||
| 041 | _aspa | ||
| 044 | _asp | ||
| 084 |
_a109 _b.G68 _c1832 |
||
| 100 | 1 |
_aCervantes Saavedra, Miguel de _d1547-1616 _9213 |
|
| 245 | 1 | 0 |
_aEl Ingenioso Hidalgo D. Quijote de la Mancha _ccompuesto por Miguel de Cervantes Saavedra. |
| 260 |
_aBarcelona _bViuda e hijos de Gorchs _c1832 |
||
| 300 |
_a6 v. _bil. _c29 cm. _e1 mapa |
||
| 500 | _aContenido : v 1. Primera parte. Advertencia del editor. Dedicatoria del editor. Dedicatoria. Prólogo del autor. Versos preliminares. Mapa de los viajes de D. Quijote. Texto. -- v 2. Texto. -- v 3. Segnda parte. Principios de la edición príncipe. Dedicatoria. Prólogo del autor. Texto. -- v 4. Texto. -- v 5. Análisis del Quijote por V. de los Ríos. Vida de M. de Cervantes Saavedra por M.F. de Navarrete. -- v 6. Anotaciones al Ingenioso Hidalgo Don Quijote de la Mancha por Joaquín Bastes y Carrera | ||
| 500 | _aEdición : Nueva edición conforme en todo la última de la Real Academia Española, y con las notas de J. A. Pellicer | ||
| 500 | _aEjemplar por completo igual al LO-108. La encuadernación y los adornos son inferiores a los del ejemplar LO-108 Lúdovik Osterc | ||
| 500 | _aExistencias : El ejemplar descrito carece del volúmen 2 | ||
| 500 | _aQM87 | ||
| 650 | 1 | 4 |
_aNovela española _yÉpoca clásica, 1500-1700 _9215 |
| 650 | 1 | 4 |
_aLiteratura española _yÉpoca clásica, 1500-1700 _9216 |
| 650 | 1 | 4 |
_aNovela española _ySiglo XVII _9217 |
| 650 | 1 | 4 |
_aDon Quijote (Personaje ficticio) _eNovela _9218 |
| 700 | 1 |
_aPellicer y Pilares, Juan Antonio _d1738-1806 _eBiógrafo _97161 |
|
| 700 | 1 |
_aRíos, Vicente de los _d1732-1779 _eBiógrafo _97162 |
|
| 700 | 1 |
_aFernández de Navarrete, Martín _d1765-1844 _eBiógrafo _97163 |
|
| 740 | 0 | _aEl Ingenioso Hidalgo Don Quijote de la Mancha | |
| 902 | _aQFM | ||
| 942 |
_2lcc _cB |
||
| 999 |
_c2210 _d2210 |
||